000 00358nam a22001217a 4500
999 _c3254
_d3254
005 20201119151128.0
008 201119b ||||| |||| 00| 0 eng d
020 _a0821338986
040 _cCML
245 _aEvaluation Results.
_cMorra G.L.
260 _aUnited State of America
_bWashington
_c1995
942 _2ddc
_cBK
_e1st Edition
_h337.3
_mMOR